Online
Catalog

Tiempo de odio y angustia (1839-1840) / (Record no. 19225)

MARC details
000 -CABECERA
campo de control de longitud fija 00864cam a2200241 a 4500
001 - NÚMERO DE CONTROL
campo de control 000019710
005 - FECHA Y HORA DE LA ÚLTIMA TRANSACCIÓN
campo de control 20200929170118.0
008 - DATOS DE LONGITUD FIJA--INFORMACIÓN GENERAL
campo de control de longitud fija 790306s1951 ag 000 f spa d
040 ## - FUENTE DE LA CATALOGACIÓN
Centro catalogador/agencia de origen DO-SdBNP
Lengua de catalogación spa
Centro/agencia transcriptor DLC
Centro/agencia modificador BNPHU
082 ## - NÚMERO DE LA CLASIFICACIÓN DECIMAL DEWEY
Número de clasificación A863.4
Número de documento/Ítem G182t
049 ## - FONDOS LOCALES (OCLC)
Fondos de biblioteca BNGR
100 1# - ENTRADA PRINCIPAL--NOMBRE DE PERSONA
Nombre de persona Gálvez, Manuel,
Fechas asociadas al nombre 1882-1962.
9 (RLIN) 22398
245 10 - MENCIÓN DE TÍTULO
Título Tiempo de odio y angustia (1839-1840) /
Mención de responsabilidad, etc. Manuel Gálvez.
260 ## - PUBLICACIÓN, DISTRIBUCIÓN, ETC.
Lugar de publicación, distribución, etc. Buenos Aires, (Argentina) :
Nombre del editor, distribuidor, etc. Editorial Espasa-Calpe Argentina,
Fecha de publicación, distribución, etc. 1951.
300 ## - DESCRIPCIÓN FÍSICA
Extensión 257, [14] p. ;
Dimensiones 18 cm.
490 1# - MENCIÓN DE SERIE
Mención de serie Austral. Azul: novelas y cuentos en general
Designación de volumen o secuencia 1010
500 ## - NOTA GENERAL
Nota general Incluye índice de autores.
650 #4 - PUNTO DE ACCESO ADICIONAL DE MATERIA--TÉRMINO DE MATERIA
Término de materia o nombre geográfico como elemento de entrada Novela argentina
9 (RLIN) 3941
650 #4 - PUNTO DE ACCESO ADICIONAL DE MATERIA--TÉRMINO DE MATERIA
Término de materia o nombre geográfico como elemento de entrada Novela histórica argentina
9 (RLIN) 42157
650 #4 - PUNTO DE ACCESO ADICIONAL DE MATERIA--TÉRMINO DE MATERIA
Término de materia o nombre geográfico como elemento de entrada Literatura argentina
9 (RLIN) 3860
830 #0 - PUNTO DE ACCESO ADICIONAL DE SERIE-TÍTULO UNIFORME
Título uniforme Austral.
Nombre de parte o sección de la obra Azul: novelas y cuentos en general;
Designación de volumen o secuencia 1010
9 (RLIN) 22386
910 ## - DATOS DE OPCIÓN DEL USUARIO (OCLC)
Datos de opción del usuario Catalogación derivada / LC
Holdings
Estado de retiro Estado de pérdida Restricciones de uso No para préstamo Código de colección Localización permanente Ubicación/localización actual Ubicación en estantería Fecha de adquisición Número de inventario Total de préstamos Signatura topográfica completa Código de barras Fecha visto por última vez Precio válido a partir de Tipo de ítem Koha
        Monografías: Libros y Folletos General General En catalogación 02.07.2010 LF1   A863.4 G182t 19710-10 25.06.2020 25.06.2020 Préstamo en sala

Powered by Koha